000 00932cad a22002175a 4500
001 E148063
008 090720s2009 xxk 000 0 eng u
035 _a(Sirsi) u148063
041 0 _aeng
100 1 _aCorbyn, Robert
245 0 0 _aEPC or no EPC
_bthat is the question
_h[electronic resource]
260 _c2009
490 4 _aThe Journal
_bRICS Building Surveying Journal
_vJuly/August 2009, 10-11(2)
520 _aLooks at the answers to common questions on non-domestic EPCs, including exemptions, non-compliance, requirements in Northern Ireland and Scotland, and when an EPC is required.
590 _aKA
650 2 4 _aENERGY PERFORMANCE CERTIFICATES
651 4 _aUnited Kingdom
_y
690 _aENVIRONMENTAL AND LAND CONSULTANCY-ENERGY-ENERGY USE-ENERGY EFFICIENCY
856 4 1 _uhttps://www.rics.org/site/scripts/download_info.aspx?downloadID=2712
_zView this item (member-only access) at www.rics.org
942 _n0
999 _c81713
_d81713